[Event "FRA-ch Blitz Online Qual"]
[Site "Europe Echecs INT"]
[Date "2020.05.16"]
[Round "14"]
[White "Richard, Emma"]
[Black "Bernard, Mathis"]
[Result "1-0"]
[WhiteElo "2160"]
[BlackElo "1880"]
[PlyCount "121"]
[EventDate "2020.05.16"]
[EventType "swiss (blitz)"]
[EventRounds "15"]
[EventCountry "FRA"]
[SourceTitle "CBM 196 Extra"]
[Source "ChessBase"]
[SourceDate "2020.07.31"]
[SourceVersion "1"]
[SourceVersionDate "2020.07.31"]
[SourceQuality "1"]

1. e4 c5 2. Nf3 d6 3. Bb5+ Nd7 4. a4 a6 5. Bc4 Ngf6 6. 0-0 e6 7. Re1 Be7 8. d4 cxd4 9. Nxd4 0-0 10. a5 Nc5 11. Nc3 Ncxe4 12. Nxe4 Nxe4 13. Bd3 Nf6 14. Be3 Bd7 15. h3 Qc7 16. c3 Rac8 17. Nf3 e5 18. Bb6 Qb8 19. Nh4 Rfe8 20. Nf5 Bf8 21. Bc2 e4 22. Ne3 Bc6 23. Bb3 Re5 24. Bd4 Rg5 25. Bxf6 gxf6 26. h4 Rg6 27. Nf5 Re8 28. Re3 Bd7 29. Ng3 f5 30. h5 Rg5 31. Nf1 f4 32. Re1 Bh3 33. g3 Bxf1 34. Rxf1 fxg3 35. fxg3 Rxg3+ 36. Kh2 Rg7 37. h6 Rg6 38. Bxf7+ Kh8 39. Qd4+ Bg7 40. hxg7+ Rxg7 41. Rg1 d5+ 42. Kh1 Reg8 43. Bxg8 Qxg8 44. Rxg7 Qxg7 45. Qxg7+ Kxg7 46. Kg2 Kf6 47. Kf2 Ke5 48. Rd1 h5 49. Rh1 Kf4 50. Rxh5 e3+ 51. Ke2 Ke4 52. Rh4+ Ke5 53. Rd4 Kd6 54. Kxe3 Kc5 55. Kf4 Kb5 56. Rxd5+ Kc4 57. Rd7 Kb3 58. Rxb7+ Kc2 59. Ra7 Kd3 60. Rxa6 Kc4 61. Rb6 1-0

[Event "FRA-ch Blitz Online Qual"]
[Site "Europe Echecs INT"]
[Date "2020.05.16"]
[Round "10"]
[White "Richard, Emma"]
[Black "Laville, Renaud"]
[Result "1-0"]
[WhiteElo "2160"]
[BlackElo "1774"]
[PlyCount "109"]
[EventDate "2020.05.16"]
[EventType "swiss (blitz)"]
[EventRounds "15"]
[EventCountry "FRA"]
[SourceTitle "CBM 196 Extra"]
[Source "ChessBase"]
[SourceDate "2020.07.31"]
[SourceVersion "1"]
[SourceVersionDate "2020.07.31"]
[SourceQuality "1"]

1. e4 c5 2. Nf3 Nc6 3. Bb5 g6 4. 0-0 Bg7 5. c3 Nf6 6. Re1 d6 7. h3 0-0 8. d4 cxd4 9. cxd4 a6 10. Bf1 e5 11. d5 Nb8 12. Nc3 Nbd7 13. Bg5 b5 14. Qd2 Bb7 15. Rac1 Rc8 16. a3 Qb6 17. Be3 Qd8 18. Nh2 Nc5 19. Bg5 Nb3 20. Qd1 Nxc1 21. Qxc1 Qc7 22. Qd2 Rfe8 23. Qe3 Qc5 24. Qf3 Nd7 25. Ng4 Rf8 26. Be3 Qc7 27. Bh6 Qd8 28. Bxg7 Kxg7 29. Qe3 f5 30. exf5 gxf5 31. Qh6+ Kh8 32. Nh2 Qf6 33. Qd2 e4 34. Be2 Ne5 35. Nf1 Nc4 36. Qc1 Nxb2 37. Qxb2 Qxc3 38. Qb1 Bxd5 39. Ne3 Be6 40. Bh5 d5 41. g3 d4 42. Ng2 Qc2 43. Qa1 Rc3 44. Nf4 Bc4 45. Ne2 Bxe2 46. Bxe2 d3 47. Bd1 Qd2 48. Rf1 Rfc8 49. Bh5 Kg8 50. Kh2 Rc1 51. Qf6 Rxf1 52. Bf7+ Kf8 53. Bg6+ Kg8 54. Qf7+ Kh8 55. Qxh7# 1-0

[Event "EU-Cup 35th"]
[Site "Ulcinj"]
[Date "2019.11.13"]
[Round "4.13"]
[White "Gnichtel, Gerd"]
[Black "Richard, Emma"]
[Result "1/2-1/2"]
[WhiteElo "2134"]
[BlackElo "2157"]
[PlyCount "93"]
[EventDate "2019.11.10"]
[EventType "team-swiss"]
[EventRounds "7"]
[EventCountry "MNE"]
[SourceTitle "CBM 193 Extra"]
[Source "ChessBase"]
[SourceDate "2020.01.31"]
[SourceVersion "1"]
[SourceVersionDate "2020.01.31"]
[SourceQuality "1"]
[WhiteTeam "Echternach Sprenger"]
[BlackTeam "Mulhouse"]
[WhiteTeamCountry "LUX"]
[BlackTeamCountry "FRA"]

1. d4 Nf6 2. c4 e6 3. Nf3 Bb4+ 4. Bd2 a5 5. g3 d6 6. Bg2 Nbd7 7. 0-0 e5 8. e3 c6 9. Qc2 e4 10. Ng5 d5 11. cxd5 cxd5 12. f3 h6 13. Nh3 exf3 14. Bxf3 Nb6 15. Nf4 0-0 16. Bxb4 axb4 17. Qc5 b3 18. Nc3 bxa2 19. Rxa2 Rxa2 20. Nxa2 g5 21. Nh5 Nxh5 22. Bxh5 Nc4 23. Bf3 Be6 24. Nc3 Nxe3 25. Re1 b6 26. Qb5 Nc2 27. Rd1 Qf6 28. Bxd5 Nxd4 29. Qxb6 Nf3+ 30. Kh1 Ne5 31. Bg2 Nc4 32. Qc6 Rc8 33. Nd5 Qd8 34. Qb7 Kg7 35. b3 Nd6 36. Qb4 Nf5 37. Qe1 Bxd5 38. Rxd5 Qf6 39. Rd1 Qc3 40. Qxc3+ Rxc3 41. Rb1 Ne3 42. b4 Nc4 43. Kg1 Na3 44. Rb2 Nc4 45. Rb1 Na3 46. Rb2 Nc4 47. Rb1 1/2-1/2

[Event "FRA-ch (Women)"]
[Site "Chartres"]
[Date "2019.08.23"]
[Round "7"]
[White "Guichard, Pauline"]
[Black "Richard, Emma"]
[Result "1-0"]
[WhiteElo "2405"]
[BlackElo "2104"]
[PlyCount "91"]
[EventDate "2019.08.17"]
[EventType "tourn"]
[EventRounds "9"]
[EventCountry "FRA"]
[SourceTitle "EXT 2020"]
[Source "ChessBase"]
[SourceDate "2019.10.17"]
[SourceVersion "1"]
[SourceVersionDate "2019.10.17"]
[SourceQuality "1"]

1. d4 Nf6 2. Bf4 g6 3. Nc3 Bg7 4. e4 d6 5. Qd2 c6 6. Bh6 0-0 7. 0-0-0 b5 8. Bd3 b4 9. Nce2 Bxh6 10. Qxh6 Ng4 11. Qf4 e5 12. Qg3 Qa5 13. Kb1 exd4 14. Nxd4 Qe5 15. Nh3 Qxd4 16. Ba6 Qe5 17. f4 Qe8 18. Bxc8 Qxc8 19. f5 Nf6 20. Qh4 Nxe4 21. fxg6 fxg6 22. Qxe4 d5 23. Qxb4 a5 24. Qh4 Na6 25. Rhe1 Ra7 26. Ng5 Rb7 27. a3 Qf5 28. Rf1 Qe5 29. Rxf8+ Kxf8 30. b3 Kg8 31. Re1 Qb8 32. Re3 Nc5 33. Qe1 Ne4 34. Nxe4 dxe4 35. Rxe4 Qxh2 36. Re8+ Kg7 37. Qc3+ Kh6 38. Re3 Qg1+ 39. Kb2 Rb5 40. Qd2 g5 41. Rh3+ Kg6 42. Qd6+ Kg7 43. Qe7+ Kg6 44. Qxh7+ Kf6 45. Rf3+ Ke6 46. Qg6+ 1-0

[Event "FRA-ch (Women)"]
[Site "Chartres"]
[Date "2019.08.18"]
[Round "2"]
[White "Richard, Emma"]
[Black "Leconte, Maria"]
[Result "0-1"]
[WhiteElo "2104"]
[BlackElo "2252"]
[PlyCount "64"]
[EventDate "2019.08.17"]
[EventType "tourn"]
[EventRounds "9"]
[EventCountry "FRA"]
[SourceTitle "EXT 2020"]
[Source "ChessBase"]
[SourceDate "2019.10.17"]
[SourceVersion "1"]
[SourceVersionDate "2019.10.17"]
[SourceQuality "1"]

1. e4 e5 2. Nf3 Nc6 3. Bb5 a6 4. Ba4 Nf6 5. 0-0 Be7 6. d3 d6 7. c3 Bg4 8. h3 Bh5 9. Re1 Qd7 10. Nbd2 g5 11. Bxc6 bxc6 12. d4 g4 13. hxg4 Nxg4 14. dxe5 Rg8 15. Qa4 Nxe5 16. Nxe5 dxe5 17. Nf1 Bf3 18. Ng3 h5 19. Re3 Bg4 20. Nf5 h4 21. Rd3 Qxd3 22. Qxc6+ Qd7 23. Qxa8+ Bd8 24. Ne3 Bf3 25. Qd5 Qxd5 26. exd5 h3 27. Bd2 Bg5 28. Re1 Bxe3 29. Rxe3 Rxg2+ 30. Kf1 h2 31. Rxe5+ Kd7 32. Rh5 Rg1# 0-1

[Event "Andorra op 37th"]
[Site "Escaldes"]
[Date "2019.08.02"]
[Round "7"]
[White "Richard, Emma"]
[Black "Fluvia Poyatos, Jordi"]
[Result "0-1"]
[WhiteElo "2104"]
[BlackElo "2455"]
[PlyCount "70"]
[EventDate "2019.07.27"]
[EventType "swiss"]
[EventRounds "9"]
[EventCountry "AND"]
[SourceTitle "CBM 191 Extra"]
[Source "ChessBase"]
[SourceDate "2019.09.30"]
[SourceVersion "1"]
[SourceVersionDate "2019.09.30"]
[SourceQuality "1"]

1. e4 c6 2. Nc3 d5 3. Nf3 Nf6 4. exd5 cxd5 5. d4 Bg4 6. h3 Bxf3 7. Qxf3 e6 8. Bb5+ Nc6 9. 0-0 Qb6 10. Qd3 Rc8 11. Bg5 Be7 12. Ne2 0-0 13. c3 a6 14. Ba4 Qxb2 15. Bc2 Nb4 16. cxb4 Qxc2 17. Qe3 Qf5 18. Ng3 Qg6 19. h4 h6 20. Bxf6 Qxf6 21. a3 Qxh4 22. f4 Bf6 23. Rad1 Rc4 24. Ne2 Qg4 25. Rf3 Rfc8 26. Rd2 g6 27. Rh3 h5 28. Kh2 Rc2 29. Ng3 R2c3 30. Qf2 Rxa3 31. Nf1 Rxh3+ 32. gxh3 Qf5 33. Ng3 Qb1 34. Rb2 Qc1 35. Rd2 Bh4 0-1

[Event "FRA-chT Top 12 (Women) GpB"]
[Site "Vandoeuvre"]
[Date "2019.05.04"]
[Round "4.2"]
[White "Bonvalot, Isabelle"]
[Black "Richard, Emma"]
[Result "1-0"]
[WhiteElo "1936"]
[BlackElo "2120"]
[PlyCount "83"]
[EventDate "2019.05.02"]
[EventType "team-tourn"]
[EventRounds "5"]
[EventCountry "FRA"]
[SourceTitle "CBM 190 Extra"]
[Source "ChessBase"]
[SourceDate "2019.07.15"]
[SourceVersion "1"]
[SourceVersionDate "2019.07.15"]
[SourceQuality "1"]
[WhiteTeam "Clichy Echecs 92 (W)"]
[BlackTeam "Mulhouse Philidor (W)"]
[WhiteTeamCountry "FRA"]
[BlackTeamCountry "FRA"]

1. e4 c5 2. c3 Nf6 3. e5 Nd5 4. d4 Nc6 5. Nf3 cxd4 6. cxd4 d6 7. Bc4 Nb6 8. Bb5 d5 9. 0-0 Bg4 10. h3 Bxf3 11. Qxf3 e6 12. Nc3 a6 13. Bxc6+ bxc6 14. Qg3 Qc7 15. Ne2 g6 16. Bg5 Nd7 17. Rac1 Bg7 18. Bd2 0-0 19. Bb4 Rfc8 20. Rc2 Qb7 21. Bd6 a5 22. Nf4 Nb6 23. h4 a4 24. h5 Ra5 25. Qh3 Nc4 26. hxg6 hxg6 27. Nxe6 Nxd6 28. exd6 fxe6 29. Qxe6+ Kh7 30. Rc3 Rf8 31. d7 Qc7 32. Rxc6 Qd8 33. Qxg6+ Kh8 34. Qh5+ Kg8 35. Qg4 Ra7 36. Qe6+ Kh8 37. Rc3 Rxd7 38. Rh3+ Bh6 39. Qxh6+ Kg8 40. Rg3+ Kf7 41. Qg6+ Ke7 42. Re3# 1-0

[Event "Nancy Meurthe rapid 17th"]
[Site "Nancy"]
[Date "2019.02.24"]
[Round "6"]
[White "Richard, Emma"]
[Black "Brunner, Nicolas"]
[Result "1/2-1/2"]
[WhiteElo "2127"]
[BlackElo "2427"]
[PlyCount "62"]
[EventDate "2019.02.24"]
[EventType "swiss (rapid)"]
[EventRounds "9"]
[EventCountry "FRA"]
[SourceTitle "CBM 189 Extra"]
[Source "ChessBase"]
[SourceDate "2019.06.03"]
[SourceVersion "1"]
[SourceVersionDate "2019.06.03"]
[SourceQuality "1"]

1. e4 c5 2. Nf3 d6 3. Bb5+ Nd7 4. c3 a6 5. Bc4 Ngf6 6. d3 b5 7. Bb3 g6 8. a4 Bb7 9. 0-0 Bg7 10. Na3 0-0 11. Bg5 Bc6 12. Re1 Qc7 13. axb5 axb5 14. d4 Bxe4 15. Nxb5 Rxa1 16. Nxc7 Rxd1 17. Bxd1 Rb8 18. Nd2 Bc6 19. dxc5 dxc5 20. Rxe7 Kf8 21. Re1 Rxb2 22. Bg4 Rb7 23. Bxd7 Rxc7 24. Bxc6 Rxc6 25. c4 h6 26. Bf4 g5 27. Bg3 Nh5 28. Nf3 Ra6 29. Bc7 Ra4 30. Bd6+ Kg8 31. Bxc5 Rxc4 1/2-1/2

[Event "Nancy Meurthe blitz final 17th"]
[Site "Nancy"]
[Date "2019.02.23"]
[Round "2.1"]
[White "Richard, Emma"]
[Black "Velten, Paul"]
[Result "0-1"]
[WhiteElo "2127"]
[BlackElo "2504"]
[PlyCount "91"]
[EventDate "2019.02.24"]
[EventType "k.o. (blitz)"]
[EventRounds "2"]
[EventCountry "FRA"]
[SourceTitle "CBM 189 Extra"]
[Source "ChessBase"]
[SourceDate "2019.06.03"]
[SourceVersion "1"]
[SourceVersionDate "2019.06.03"]
[SourceQuality "1"]

1. e4 c6 2. Nc3 d5 3. Nf3 Bg4 4. exd5 cxd5 5. h3 Bxf3 6. Qxf3 e6 7. g3 Nc6 8. Bg2 g6 9. 0-0 Bg7 10. d3 Nge7 11. Bg5 Nd4 12. Qd1 0-0 13. Ne2 Ndc6 14. d4 Qb6 15. Rb1 h6 16. Be3 Nf5 17. c3 Rac8 18. Nf4 Qc7 19. Kh2 Nce7 20. Qd2 Nd6 21. Nd3 Nc4 22. Qc1 Nxe3 23. Qxe3 Nf5 24. Qf4 Nd6 25. Rfe1 Nc4 26. Qxc7 Rxc7 27. Re2 b6 28. h4 h5 29. Ne1 a5 30. Nf3 b5 31. Bf1 Nd6 32. Ree1 Rfc8 33. Ne5 b4 34. cxb4 axb4 35. Bd3 Bxe5 36. dxe5 Nb7 37. Re2 Nc5 38. Bc2 Ra8 39. Bb3 Nd7 40. Kg2 Kf8 41. Rd1 Ke7 42. Rd4 Rb8 43. Re3 Nc5 44. Rf4 Nd7 45. Rd4 Rc1 46. Rf3 0-1

[Event "Nancy Meurthe blitz final 17th"]
[Site "Nancy"]
[Date "2019.02.23"]
[Round "2.2"]
[White "Velten, Paul"]
[Black "Richard, Emma"]
[Result "1-0"]
[WhiteElo "2504"]
[BlackElo "2127"]
[PlyCount "57"]
[EventDate "2019.02.24"]
[EventType "k.o. (blitz)"]
[EventRounds "2"]
[EventCountry "FRA"]
[SourceTitle "CBM 189 Extra"]
[Source "ChessBase"]
[SourceDate "2019.06.03"]
[SourceVersion "1"]
[SourceVersionDate "2019.06.03"]
[SourceQuality "1"]

1. d4 Nf6 2. c4 e6 3. Nf3 c5 4. d5 exd5 5. cxd5 d6 6. Nc3 g6 7. e4 Bg7 8. Be2 0-0 9. 0-0 Re8 10. Nd2 a6 11. a4 b6 12. Re1 Nbd7 13. Bf1 Nf8 14. Nc4 Re7 15. Bf4 Ne8 16. Qb3 Rb8 17. Rad1 Be5 18. Nxe5 dxe5 19. Bg5 Nd6 20. f4 h6 21. Bf6 exf4 22. e5 Ne8 23. d6 Nxf6 24. dxe7 Qxe7 25. exf6 Qxf6 26. Nd5 Qg5 27. Qc3 Ne6 28. Nf6+ Kf8 29. Nh7+ 1-0

[Event "EU-Cup (Women) 23rd"]
[Site "Porto Carras"]
[Date "2018.10.16"]
[Round "5.3"]
[White "Richard, Emma"]
[Black "Nechaeva, Marina"]
[Result "0-1"]
[WhiteElo "2127"]
[BlackElo "2409"]
[PlyCount "124"]
[EventDate "2018.10.12"]
[EventType "team-swiss"]
[EventRounds "7"]
[EventCountry "GRE"]
[SourceTitle "CBM 186 Extra"]
[Source "ChessBase"]
[SourceDate "2018.08.24"]
[SourceVersion "1"]
[SourceVersionDate "2018.08.24"]
[SourceQuality "1"]
[WhiteTeam "Mulhouse Philidor (W)"]
[BlackTeam "Ugra (W)"]
[WhiteTeamCountry "FRA"]
[BlackTeamCountry "RUS"]

1. e4 c5 2. Nf3 d6 3. Bb5+ Nc6 4. 0-0 Bd7 5. c3 Nf6 6. Re1 a6 7. Bf1 Bg4 8. h3 Bxf3 9. Qxf3 g6 10. d3 Bg7 11. Be3 Nd7 12. Nd2 0-0 13. Qd1 b5 14. f4 Rb8 15. Nf3 e6 16. d4 cxd4 17. cxd4 Nf6 18. a4 Qd7 19. axb5 axb5 20. e5 Nd5 21. Bd2 Rfd8 22. Ng5 Qb7 23. Ba5 Nxa5 24. Rxa5 Nxf4 25. Rxb5 Qc7 26. g3 Rxb5 27. Bxb5 Nd5 28. Qf3 dxe5 29. dxe5 h6 30. Nxe6 fxe6 31. Bd3 Ne7 32. Qe4 Qxe5 33. Qxe5 Bxe5 34. Bc4 Bxb2 35. Rxe6 Kf8 36. g4 Rd4 37. Rf6+ Ke8 38. Bf7+ Kd8 39. Ra6 Rd1+ 40. Kg2 Rd2+ 41. Kf3 Rd3+ 42. Ke4 Ra3 43. Rb6 Ra4+ 44. Kd3 Ra3+ 45. Ke4 Bc1 46. Bxg6 Kc7 47. Rb1 Bg5 48. Be8 Rxh3 49. Rg1 Re3+ 50. Kd4 Kd6 51. Rg2 Nd5 52. Bf7 Bf6+ 53. Kc4 Re4+ 54. Kb3 Ne3 55. Re2 Re7 56. Bh5 Rb7+ 57. Ka4 Nd5 58. Rc2 Nc3+ 59. Ka5 Bd4 60. Bg6 Kc5 61. Bd3 Ra7+ 62. Ba6 Be5 0-1

[Event "EU-Cup (Women) 23rd"]
[Site "Porto Carras"]
[Date "2018.10.13"]
[Round "2.3"]
[White "Vasina, Olena"]
[Black "Richard, Emma"]
[Result "0-1"]
[WhiteElo "2054"]
[BlackElo "2127"]
[PlyCount "70"]
[EventDate "2018.10.12"]
[EventType "team-swiss"]
[EventRounds "7"]
[EventCountry "GRE"]
[SourceTitle "CBM 186 Extra"]
[Source "ChessBase"]
[SourceDate "2018.08.24"]
[SourceVersion "1"]
[SourceVersionDate "2018.08.24"]
[SourceQuality "1"]
[WhiteTeam "Beer Sheva (W)"]
[BlackTeam "Mulhouse Philidor (W)"]
[WhiteTeamCountry "ISR"]
[BlackTeamCountry "FRA"]

1. d4 Nf6 2. Nf3 e6 3. Bf4 c5 4. e3 Nc6 5. c3 cxd4 6. exd4 Be7 7. Bd3 d6 8. 0-0 0-0 9. Qe2 Re8 10. Bg3 Nh5 11. Nfd2 g6 12. b4 a6 13. a4 f5 14. f4 Bf6 15. Qf2 Nxg3 16. hxg3 e5 17. d5 e4 18. dxc6 exd3 19. Nc4 bxc6 20. Qf3 d5 21. Na5 Qb6+ 22. Kh2 Re3 23. Qf2 Bd7 24. Ra2 Rae8 25. Rd2 c5 26. Nb3 cxb4 27. Rxd3 bxc3 28. a5 Qxb3 29. Rxe3 d4 30. Rxe8+ Bxe8 31. Qf3 Qe6 32. Na3 Bc6 33. Qd1 Qd5 34. Rf2 d3 35. Qb1 d2 0-1

[Event "FRA-chT Top 12 final (Women)"]
[Site "Asnieres sur Seine"]
[Date "2018.06.24"]
[Round "2.1"]
[White "Guichard, Pauline"]
[Black "Richard, Emma"]
[Result "1-0"]
[WhiteElo "2308"]
[BlackElo "2132"]
[PlyCount "109"]
[EventDate "2018.06.23"]
[EventType "team-k.o."]
[EventRounds "2"]
[EventCountry "FRA"]
[SourceTitle "CBM 185 Extra"]
[Source "ChessBase"]
[SourceDate "2018.07.29"]
[SourceVersion "1"]
[SourceVersionDate "2018.07.29"]
[SourceQuality "1"]
[WhiteTeam "Clichy Echecs 92 (W)"]
[BlackTeam "Mulhouse Philidor (W)"]
[WhiteTeamCountry "FRA"]
[BlackTeamCountry "FRA"]

1. Nf3 Nf6 2. c4 e6 3. g3 b6 4. Bg2 Bb7 5. 0-0 Be7 6. b3 0-0 7. Bb2 c5 8. Qc2 Nc6 9. Rd1 d5 10. cxd5 Nxd5 11. d4 Bf6 12. Na3 cxd4 13. Nxd4 Nxd4 14. Bxd4 Rc8 15. Qb2 Bxd4 16. Rxd4 Qe7 17. Nc4 b5 18. Na5 Ba8 19. b4 Nb6 20. Bxa8 Rxa8 21. Rad1 Rac8 22. Qd2 Nd5 23. Nb3 Nc3 24. Rc1 Nd5 25. Nc5 a5 26. a3 axb4 27. axb4 Nb6 28. Qd3 e5 29. Rh4 g6 30. Qxb5 Nd5 31. Rhc4 Rb8 32. Qd7 Rfd8 33. Qxe7 Nxe7 34. Nd3 f6 35. f3 Nd5 36. Kf2 Kf7 37. Ra1 Rd7 38. Ra5 Nb6 39. Rc6 Nd5 40. Nc5 Re7 41. Ne4 Nxb4 42. Rxf6+ Kg7 43. Rd6 Rc8 44. h4 Rc1 45. Ra8 Rh1 46. Nf6 Rh2+ 47. Kg1 Rxe2 48. Rg8+ Kf7 49. Rh8 Re6 50. Rd7+ Re7 51. Rxh7+ Kxf6 52. Rdxe7 Re1+ 53. Kg2 g5 54. Rb7 Kg6 55. h5+ 1-0

[Event "Dallas Fall op"]
[Site "Dallas"]
[Date "2017.11.21"]
[Round "8"]
[White "Richard, Emma"]
[Black "Kavutskiy, Konstantin"]
[Result "0-1"]
[WhiteElo "2080"]
[BlackElo "2396"]
[PlyCount "98"]
[EventDate "2017.11.17"]
[EventType "swiss"]
[EventRounds "9"]
[EventCountry "USA"]
[SourceTitle "CBM 181 Extra"]
[Source "ChessBase"]
[SourceDate "2017.12.12"]
[SourceVersion "1"]
[SourceVersionDate "2017.12.12"]
[SourceQuality "1"]

1. e4 c5 2. Nf3 e6 3. b3 b6 4. Bb2 Bb7 5. Bd3 d6 6. 0-0 Nf6 7. Re1 Be7 8. c3 0-0 9. Bc2 Nc6 10. Na3 a6 11. d4 cxd4 12. cxd4 b5 13. e5 dxe5 14. dxe5 Qxd1 15. Rexd1 Nd5 16. Be4 Ncb4 17. Nd4 Rac8 18. Kf1 Ne3+ 19. fxe3 Bxe4 20. Rd2 Nd3 21. Nb1 Nxb2 22. Rxb2 Bd3+ 23. Kf2 Rc1 24. Ne2 Bxe2 25. Kxe2 Bd8 26. Kd2 Rg1 27. Kd3 Bc7 28. Ke4 f5+ 29. exf6 gxf6 30. a4 Be5 31. Raa2 b4 32. Kf3 Rd8 33. Nd2 Bxb2 34. Rxb2 Rc1 35. Ke2 f5 36. Nf3 Rc3 37. Nd4 Kf7 38. a5 f4 39. Nc2 Rdd3 40. exf4 Rxb3 41. Ra2 Rd5 42. Ne3 Rd4 43. Ng4 Rxf4 44. Ne5+ Kg7 45. Nd7 Re4+ 46. Kf2 Ra3 47. Rc2 b3 48. Rc7 Rf4+ 49. Ke2 Rf7 0-1

[Event "Dallas Fall op"]
[Site "Dallas"]
[Date "2017.11.18"]
[Round "2"]
[White "Richard, Emma"]
[Black "Thavandiran, Shiyam"]
[Result "1-0"]
[WhiteElo "2080"]
[BlackElo "2389"]
[PlyCount "79"]
[EventDate "2017.11.17"]
[EventType "swiss"]
[EventRounds "9"]
[EventCountry "USA"]
[SourceTitle "CBM 181 Extra"]
[Source "ChessBase"]
[SourceDate "2017.12.12"]
[SourceVersion "1"]
[SourceVersionDate "2017.12.12"]
[SourceQuality "1"]

1. e4 e6 2. d4 d5 3. e5 c5 4. c3 Nc6 5. g3 Qb6 6. Ne2 Nge7 7. Bh3 Nf5 8. Bxf5 exf5 9. 0-0 Be6 10. Na3 Be7 11. h4 0-0 12. Nc2 cxd4 13. cxd4 Rac8 14. Ne3 Rfd8 15. b3 Qa5 16. a3 Qb6 17. Qd3 g6 18. Rd1 Bf8 19. h5 Rd7 20. b4 Bg7 21. Bb2 Qd8 22. Kg2 Qe8 23. hxg6 fxg6 24. Rac1 Bh6 25. Rh1 Bg5 26. f4 Be7 27. g4 fxg4 28. f5 gxf5 29. Nxf5 Bf8 30. Nh6+ Bxh6 31. Rxh6 Rcc7 32. Nf4 Nd8 33. Nh5 Qf8 34. Nf6+ Kh8 35. Rxc7 Qxh6 36. Nxd7 Bxd7 37. Rxd7 Ne6 38. Bc1 Qh5 39. Rxb7 g3 40. Rb8+ 1-0